[Event "Torneo Aficionados Sub-2000 Utiel"]
[Site "Utiel, Spain"]
[Date "2018.08.26"]
[Round "9.2"]
[White "Buenafe Moya, Jesus"]
[Black "Galindo Montoya, Diego"]
[Result "0-1"]
[WhiteElo "1848"]
[BlackElo "1912"]
[PlyCount "56"]
[EventDate "2018.??.??"]

1. Nf3 {[%clk 00:07:03]  [%emt 00:00:21]} 1... d5 {[%clk 00:07:02]} 2. c4 {
[%clk 00:07:00]} 2... dxc4 {[%clk 00:06:49]  [%emt 00:00:10]} 3. Na3 {
[%clk 00:06:43]  [%emt 00:00:18]} 3... a6 {[%clk 00:06:48]  [%emt 00:00:39]} 4.
Nxc4 {[%clk 00:06:39]} 4... b5 {[%clk 00:06:50]} 5. Nce5 {
[%clk 00:06:32]  [%emt 00:00:03]} 5... f6 {[%clk 00:06:39]  [%emt 00:00:04]} 6.
Nd3 {[%clk 00:05:48]  [%emt 00:00:41]} 6... e5 {
[%clk 00:06:40]  [%emt 00:00:09]} 7. e4 {[%clk 00:05:26]  [%emt 00:00:14]} 7...
Bb7 {[%clk 00:06:34]  [%emt 00:00:15]} 8. Nfxe5 {
[%clk 00:04:58]  [%emt 00:00:39]} 8... Qe7 {[%clk 00:05:18]  [%emt 00:01:05]}
9. Qh5+ {[%clk 00:04:35]  [%emt 00:00:26]} 9... g6 {
[%clk 00:04:25]  [%emt 00:00:57]} 10. Nxg6 {[%clk 00:04:27]  [%emt 00:00:32]}
10... Qxe4+ {[%clk 00:04:21]  [%emt 00:00:11]} 11. Be2 {
[%clk 00:03:06]  [%emt 00:01:01]} 11... Qxg6 {[%clk 00:04:06]  [%emt 00:00:14]}
12. O-O {[%clk 00:02:32]  [%emt 00:00:44]} 12... Nd7 {
[%clk 00:03:35]  [%emt 00:00:32]} 13. Nf4 {[%clk 00:02:22]  [%emt 00:00:09]}
13... Qxh5 {[%clk 00:03:26]  [%emt 00:00:16]} 14. Bxh5+ {
[%clk 00:02:22]  [%emt 00:00:04]} 14... Kd8 {[%clk 00:02:36]  [%emt 00:00:48]}
15. Ne6+ {[%clk 00:02:21]  [%emt 00:00:05]} 15... Kc8 {
[%clk 00:02:26]  [%emt 00:00:32]} 16. Re1 {[%clk 00:01:53]  [%emt 00:00:14]}
16... Ne7 {[%clk 00:02:25]  [%emt 00:00:04]} 17. Nxf8 {
[%clk 00:01:46]  [%emt 00:00:10]} 17... Ne5 {[%clk 00:01:35]  [%emt 00:00:50]}
18. d4 {[%clk 00:01:25]  [%emt 00:00:24]} 18... Rxf8 {
[%clk 00:01:01]  [%emt 00:00:43]} 19. dxe5 {[%clk 00:01:26]} 19... fxe5 {
[%clk 00:01:01]} 20. Rxe5 {[%clk 00:01:10]  [%emt 00:00:18]} 20... Nc6 {
[%clk 00:00:49]  [%emt 00:00:41]} 21. Re8+ {[%clk 00:00:52]  [%emt 00:00:12]}
21... Rxe8 {[%clk 00:00:51]} 22. Bxe8 {[%clk 00:00:54]} 22... Nd4 {
[%clk 00:00:50]} 23. Be3 {[%clk 00:00:43]  [%emt 00:00:07]} 23... Nc2 {
[%clk 00:00:51]  [%emt 00:00:04]} 24. Rc1 {[%clk 00:00:40]  [%emt 00:00:10]}
24... Nxe3 {[%clk 00:00:52]} 25. fxe3 {[%clk 00:00:42]} 25... Bd5 {
[%clk 00:00:50]  [%emt 00:00:04]} 26. b3 {[%clk 00:00:38]  [%emt 00:00:04]}
26... Kb7 {[%clk 00:00:51]  [%emt 00:00:04]} 27. Bh5 {
[%clk 00:00:36]  [%emt 00:00:08]} 27... Rg8 {[%clk 00:00:48]  [%emt 00:00:12]}
28. Rc2 {[%clk 00:00:34]  [%emt 00:00:03]} 28... Rg5 {[%clk 00:00:45]} 0-1

[Event "Torneo Aficionados Sub-2000 Utiel"]
[Site "Utiel, Spain"]
[Date "2018.08.26"]
[Round "9.3"]
[White "Fernandez Garcia, Olmo"]
[Black "Torres Espallardo, Pablo"]
[Result "1-0"]
[WhiteElo "1834"]
[BlackElo "1946"]
[PlyCount "87"]
[EventDate "2018.??.??"]

1. e4 {[%clk 00:07:03]} 1... e6 {[%clk 00:07:06]} 2. d4 {
[%clk 00:07:04]  [%emt 00:00:06]} 2... d5 {[%clk 00:07:07]} 3. Nd2 {
[%clk 00:07:04]  [%emt 00:00:04]} 3... Nf6 {[%clk 00:07:09]} 4. e5 {
[%clk 00:07:05]} 4... Nfd7 {[%clk 00:07:11]  [%emt 00:00:09]} 5. Ngf3 {
[%clk 00:07:06]} 5... c5 {[%clk 00:07:13]} 6. c3 {[%clk 00:07:07]} 6... Nc6 {
[%clk 00:07:15]  [%emt 00:00:09]} 7. Be2 {[%clk 00:06:58]  [%emt 00:00:04]}
7... Qb6 {[%clk 00:07:11]  [%emt 00:00:13]} 8. Nb3 {[%clk 00:06:56]} 8... a5 {
[%clk 00:07:09]  [%emt 00:00:04]} 9. Be3 {[%clk 00:06:36]  [%emt 00:00:21]}
9... a4 {[%clk 00:05:49]  [%emt 00:01:22]} 10. dxc5 {
[%clk 00:06:30]  [%emt 00:00:09]} 10... Qc7 {[%clk 00:05:36]  [%emt 00:00:21]}
11. Nbd4 {[%clk 00:05:29]  [%emt 00:00:59]} 11... Ndxe5 {
[%clk 00:05:08]  [%emt 00:00:36]} 12. Nb5 {[%clk 00:04:45]  [%emt 00:00:41]}
12... Qb8 {[%clk 00:05:10]} 13. b3 {[%clk 00:03:01]  [%emt 00:01:49]} 13... Be7
{[%clk 00:04:12]  [%emt 00:00:59]} 14. bxa4 {[%clk 00:02:55]  [%emt 00:00:10]}
14... O-O {[%clk 00:04:12]  [%emt 00:00:05]} 15. O-O {
[%clk 00:02:45]  [%emt 00:00:10]} 15... Bd7 {[%clk 00:04:04]  [%emt 00:00:15]}
16. Rb1 {[%clk 00:02:27]  [%emt 00:00:18]} 16... Na5 {
[%clk 00:03:30]  [%emt 00:00:37]} 17. Nxe5 {[%clk 00:02:22]  [%emt 00:00:07]}
17... Qxe5 {[%clk 00:03:30]  [%emt 00:00:06]} 18. Bd4 {
[%clk 00:02:21]  [%emt 00:00:04]} 18... Qb8 {[%clk 00:03:02]  [%emt 00:00:37]}
19. Bd3 {[%clk 00:01:58]  [%emt 00:00:18]} 19... e5 {
[%clk 00:02:30]  [%emt 00:00:36]} 20. Qh5 {[%clk 00:01:50]  [%emt 00:00:10]}
20... f5 {[%clk 00:02:32]} 21. Be3 {[%clk 00:01:33]  [%emt 00:00:21]} 21... e4
{[%clk 00:02:27]  [%emt 00:00:08]} 22. Bc2 {[%clk 00:00:39]  [%emt 00:01:04]}
22... Nc6 {[%clk 00:02:12]  [%emt 00:00:10]} 23. Rfd1 {
[%clk 00:00:36]  [%emt 00:00:07]} 23... Be6 {[%clk 00:02:10]  [%emt 00:00:06]}
24. Nd4 {[%clk 00:00:30]  [%emt 00:00:07]} 24... Nxd4 {
[%clk 00:01:46]  [%emt 00:00:28]} 25. Bxd4 {[%clk 00:00:30]  [%emt 00:00:09]}
25... Qc7 {[%clk 00:01:34]  [%emt 00:00:08]} 26. Rb3 {
[%clk 00:00:19]  [%emt 00:00:15]} 26... Rxa4 {[%clk 00:00:26]  [%emt 00:01:10]}
27. Rdb1 {[%clk 00:00:12]  [%emt 00:00:11]} 27... Rxa2 {
[%clk 00:00:20]  [%emt 00:00:09]} 28. Rxb7 {[%clk 00:00:13]} 28... Qd8 {
[%emt 00:00:11]} 29. Bb3 {[%clk 00:00:10]} 29... Bf6 {
[%clk 00:00:10]  [%emt 00:00:13]} 30. Bxa2 {[%clk 00:00:05]  [%emt 00:00:08]}
30... Bxd4 {[%clk 00:00:10]  [%emt 00:00:05]} 31. cxd4 {[%clk 00:00:07]} 31...
Qf6 {[%clk 00:00:10]  [%emt 00:00:04]} 32. Qe2 {
[%clk 00:00:07]  [%emt 00:00:04]} 32... Qxd4 {[%clk 00:00:10]  [%emt 00:00:04]}
33. g3 {[%clk 00:00:04]  [%emt 00:00:05]} 33... f4 {
[%clk 00:00:09]  [%emt 00:00:05]} 34. Rc7 {[%clk 00:00:06]} 34... e3 {
[%clk 00:00:08]  [%emt 00:00:04]} 35. Rbb7 {[%clk 00:00:06]  [%emt 00:00:05]}
35... Rf7 {[%clk 00:00:05]  [%emt 00:00:05]} 36. Rb8+ {[%clk 00:00:08]} 36...
Rf8 {[%clk 00:00:07]} 37. Rxf8+ {[%clk 00:00:09]} 37... Kxf8 {
[%clk 00:00:09]  [%emt 00:00:07]} 38. fxe3 {[%clk 00:00:09]} 38... fxe3 {
[%clk 00:00:09]  [%emt 00:00:05]} 39. Qf3+ {[%clk 00:00:10]} 39... Qf6 {
[%clk 00:00:05]  [%emt 00:00:05]} 40. Qxf6+ {[%clk 00:00:12]} 40... gxf6 {
[%clk 00:00:07]  [%emt 00:00:04]} 41. Kf1 {[%clk 00:00:12]  [%emt 00:00:04]}
41... Bg4 42. Ke1 {[%clk 00:00:13]  [%emt 00:00:04]} 42... e2 {[%clk 00:00:08]}
43. Bxd5 {[%clk 00:00:08]  [%emt 00:00:05]} 43... f5 {
[%clk 00:00:08]  [%emt 00:00:06]} 44. Bc4 {[%clk 00:00:07]  [%emt 00:00:09]}
1-0

[Event "Torneo Aficionados Sub-2000 Utiel"]
[Site "Utiel, Spain"]
[Date "2018.08.26"]
[Round "9.4"]
[White "Corrales Ucles, Eduardo"]
[Black "Gadea Iafigliola, Gabriel Fernan"]
[Result "0-1"]
[WhiteElo "1936"]
[BlackElo "1760"]
[PlyCount "93"]
[EventDate "2018.??.??"]

1. d4 {[%clk 00:07:03]  [%emt 00:00:18]} 1... Nf6 {[%clk 00:07:05]} 2. Bf4 {
[%clk 00:07:05]} 2... d5 {[%clk 00:07:00]} 3. e3 {[%clk 00:07:07]} 3... e6 {
[%clk 00:07:01]  [%emt 00:00:03]} 4. Nf3 {[%clk 00:07:06]  [%emt 00:00:11]}
4... Bd6 {[%clk 00:07:02]} 5. c3 {[%clk 00:07:04]  [%emt 00:00:03]} 5... Bxf4 {
[%clk 00:07:02]} 6. exf4 {[%clk 00:07:06]} 6... O-O {
[%clk 00:07:03]  [%emt 00:00:03]} 7. Bd3 {[%clk 00:07:02]  [%emt 00:00:06]}
7... Nbd7 {[%clk 00:07:02]  [%emt 00:00:12]} 8. Nbd2 {[%clk 00:07:00]} 8... b6
{[%clk 00:07:00]} 9. O-O {[%clk 00:07:00]  [%emt 00:00:03]} 9... Bb7 {
[%clk 00:07:02]  [%emt 00:00:14]} 10. a4 {[%clk 00:06:47]  [%emt 00:00:04]}
10... c5 {[%clk 00:06:59]  [%emt 00:00:10]} 11. Ne5 {
[%clk 00:06:43]  [%emt 00:00:07]} 11... Nxe5 {[%clk 00:06:46]  [%emt 00:00:10]}
12. fxe5 {[%clk 00:06:40]  [%emt 00:00:16]} 12... Nd7 {[%clk 00:06:43]} 13. Qh5
{[%clk 00:06:19]  [%emt 00:00:19]} 13... g6 {[%clk 00:06:32]  [%emt 00:00:33]}
14. Qg4 {[%clk 00:06:12]  [%emt 00:00:06]} 14... Re8 {[%clk 00:06:27]} 15. Nf3
{[%clk 00:06:12]} 15... Nf8 {[%clk 00:06:16]  [%emt 00:00:13]} 16. h4 {
[%clk 00:05:27]  [%emt 00:00:45]} 16... Qe7 {[%clk 00:06:02]  [%emt 00:00:25]}
17. h5 {[%clk 00:05:19]  [%emt 00:00:12]} 17... Kg7 {
[%clk 00:05:47]  [%emt 00:00:42]} 18. g3 {[%clk 00:04:51]  [%emt 00:00:25]}
18... a5 {[%clk 00:05:06]  [%emt 00:00:16]} 19. Kg2 {
[%clk 00:04:53]  [%emt 00:00:32]} 19... Ba6 {[%clk 00:05:08]} 20. Bxa6 {
[%clk 00:04:48]  [%emt 00:00:13]} 20... Rxa6 {[%clk 00:05:10]} 21. Rh1 {
[%clk 00:04:36]} 21... h6 {[%clk 00:05:03]} 22. hxg6 {
[%clk 00:03:57]  [%emt 00:00:58]} 22... fxg6 {[%clk 00:04:59]  [%emt 00:00:08]}
23. Qf4 {[%clk 00:03:48]} 23... g5 {[%clk 00:04:54]  [%emt 00:00:05]} 24. Qg4 {
[%clk 00:03:37]  [%emt 00:00:04]} 24... Ng6 {[%clk 00:04:50]  [%emt 00:00:23]}
25. Rh5 {[%clk 00:03:16]  [%emt 00:00:28]} 25... Rh8 {[%clk 00:04:42]} 26. Rah1
{[%clk 00:03:10]  [%emt 00:00:04]} 26... Raa8 {[%clk 00:04:43]} 27. Ne1 {
[%clk 00:02:41]  [%emt 00:01:11]} 27... Qf7 {[%clk 00:04:38]} 28. Qf3 {
[%clk 00:02:07]  [%emt 00:00:10]} 28... Raf8 {[%clk 00:04:30]  [%emt 00:00:04]}
29. Qxf7+ {[%clk 00:02:01]  [%emt 00:00:19]} 29... Rxf7 {[%clk 00:04:32]} 30.
Rf1 {[%clk 00:01:40]  [%emt 00:00:24]} 30... Rhf8 {
[%clk 00:04:26]  [%emt 00:00:04]} 31. Nc2 {[%clk 00:01:28]  [%emt 00:00:14]}
31... Nh4+ {[%clk 00:03:55]  [%emt 00:00:33]} 32. gxh4 {
[%clk 00:00:42]  [%emt 00:00:50]} 32... Kg6 {[%clk 00:03:56]  [%emt 00:00:12]}
33. Rxg5+ {[%clk 00:00:37]  [%emt 00:00:21]} 33... hxg5 {[%clk 00:03:57]} 34.
hxg5 {[%clk 00:00:40]} 34... Kxg5 {[%clk 00:03:58]} 35. Ne3 {
[%clk 00:00:40]  [%emt 00:00:05]} 35... Kf4 {[%clk 00:03:45]} 36. Rh1 {
[%clk 00:00:26]  [%emt 00:00:11]} 36... Rg8+ {[%clk 00:03:31]  [%emt 00:00:39]}
37. Kf1 {[%clk 00:00:28]} 37... Rfg7 {[%clk 00:03:26]} 38. Ke2 {
[%clk 00:00:23]  [%emt 00:00:08]} 38... cxd4 {[%clk 00:03:08]  [%emt 00:00:07]}
39. Rh4+ {[%clk 00:00:15]  [%emt 00:00:22]} 39... Kg5 {
[%clk 00:02:55]  [%emt 00:00:16]} 40. Rg4+ {[%clk 00:00:13]} 40... Kh5 {
[%clk 00:02:50]  [%emt 00:00:05]} 41. Rxg7 {[%clk 00:00:14]  [%emt 00:00:04]}
41... Rxg7 {[%clk 00:02:52]} 42. cxd4 {[%clk 00:00:14]  [%emt 00:00:04]} 42...
Kg5 {[%clk 00:02:48]  [%emt 00:00:04]} 43. Nf1 {
[%clk 00:00:05]  [%emt 00:00:09]} 43... Kf4 {[%clk 00:02:47]  [%emt 00:00:16]}
44. Ng3 {[%clk 00:00:04]} 44... Rc7 {[%clk 00:02:41]  [%emt 00:00:12]} 45. Kd3
Rc4 {[%emt 00:00:08]} 46. b3 {[%emt 00:00:03]} 46... Rc1 {[%emt 00:00:07]} 47.
Ne2+ {[%emt 00:00:45]} 0-1

[Event "Torneo Aficionados Sub-2000 Utiel"]
[Site "Utiel, Spain"]
[Date "2018.08.26"]
[Round "9.5"]
[White "Lopez Escribano, Oscar"]
[Black "Capella Gimenez, Jose M"]
[Result "1-0"]
[WhiteElo "1792"]
[BlackElo "1997"]
[PlyCount "63"]
[EventDate "2018.??.??"]

1. d4 {[%clk 00:07:04]  [%emt 00:00:04]} 1... g6 {[%clk 00:07:05]} 2. Bf4 {
[%clk 00:07:06]  [%emt 00:00:04]} 2... Bg7 {[%clk 00:07:07]} 3. e3 {
[%clk 00:07:08]} 3... d6 {[%clk 00:07:09]} 4. Be2 {
[%clk 00:07:09]  [%emt 00:00:15]} 4... Nf6 {[%clk 00:07:08]} 5. Nf3 {
[%clk 00:07:11]} 5... O-O {[%clk 00:07:07]} 6. O-O {[%clk 00:07:13]} 6... b6 {
[%clk 00:06:55]  [%emt 00:00:40]} 7. c4 {[%clk 00:07:13]} 7... Bb7 {
[%clk 00:06:57]} 8. Nc3 {[%clk 00:07:14]} 8... Nbd7 {
[%clk 00:06:52]  [%emt 00:00:14]} 9. Qc2 {[%clk 00:07:08]} 9... Re8 {
[%clk 00:06:43]  [%emt 00:00:07]} 10. Rfd1 {[%clk 00:07:03]} 10... c5 {
[%clk 00:06:22]  [%emt 00:00:15]} 11. d5 {[%clk 00:07:00]  [%emt 00:00:34]}
11... Ng4 {[%clk 00:05:56]  [%emt 00:00:12]} 12. h3 {
[%clk 00:06:46]  [%emt 00:00:14]} 12... Nge5 {[%clk 00:05:57]} 13. Bh2 {
[%clk 00:06:21]  [%emt 00:00:24]} 13... Nxf3+ {[%clk 00:05:53]  [%emt 00:00:08]
} 14. Bxf3 {[%clk 00:06:20]  [%emt 00:00:03]} 14... Ne5 {
[%clk 00:05:55]  [%emt 00:00:08]} 15. Be2 {[%clk 00:06:21]} 15... Ba6 {
[%clk 00:05:43]  [%emt 00:00:27]} 16. b3 {[%clk 00:06:18]} 16... h5 {
[%clk 00:04:15]  [%emt 00:01:19]} 17. f4 {[%emt 00:00:09]} 17... Nd7 {
[%clk 00:04:14]  [%emt 00:00:04]} 18. e4 {[%clk 00:06:09]  [%emt 00:00:06]}
18... Rc8 {[%clk 00:03:45]  [%emt 00:00:41]} 19. Kh1 {[%clk 00:06:10]} 19...
Bb7 {[%clk 00:03:22]  [%emt 00:00:20]} 20. Rd2 {
[%clk 00:06:02]  [%emt 00:00:09]} 20... a6 {[%clk 00:03:24]  [%emt 00:00:31]}
21. a4 {[%clk 00:06:02]} 21... Rf8 {[%clk 00:03:00]  [%emt 00:00:07]} 22. Rad1
{[%clk 00:05:53]  [%emt 00:00:04]} 22... Bd4 {[%clk 00:02:53]  [%emt 00:00:13]}
23. Bg1 {[%clk 00:05:52]  [%emt 00:00:04]} 23... Bxg1 {
[%clk 00:02:51]  [%emt 00:00:16]} 24. Kxg1 {[%clk 00:05:52]} 24... Kg7 {
[%clk 00:02:39]  [%emt 00:00:12]} 25. Qd3 {[%clk 00:05:49]  [%emt 00:00:03]}
25... f6 {[%clk 00:02:33]  [%emt 00:00:04]} 26. Qg3 {
[%clk 00:05:48]  [%emt 00:00:14]} 26... Rh8 {[%clk 00:02:13]  [%emt 00:00:14]}
27. Bf3 {[%clk 00:05:24]  [%emt 00:00:30]} 27... Qe8 {
[%clk 00:02:15]  [%emt 00:00:03]} 28. Na2 {[%clk 00:05:11]  [%emt 00:00:11]}
28... Qf7 {[%clk 00:02:09]  [%emt 00:00:10]} 29. Nc1 {
[%clk 00:05:13]  [%emt 00:00:03]} 29... Rce8 {[%clk 00:01:50]  [%emt 00:00:49]}
30. Nd3 {[%clk 00:05:14]} 30... h4 {[%clk 00:01:48]} 31. Qf2 {
[%clk 00:04:31]  [%emt 00:00:36]} 31... e5 {[%clk 00:01:46]  [%emt 00:00:29]}
32. Ne1 {[%clk 00:04:16]} 1-0

[Event "Torneo Aficionados Sub-2000 Utiel"]
[Site "Utiel, Spain"]
[Date "2018.08.26"]
[Round "9.6"]
[White "Gimenez Sanchis, Fco. Andres"]
[Black "Martinez Escandell, Alfonso"]
[Result "0-1"]
[WhiteElo "1971"]
[BlackElo "1895"]
[PlyCount "68"]
[EventDate "2018.??.??"]

1. e4 {[%clk 00:07:05]  [%emt 00:00:11]} 1... c5 {[%clk 00:07:05]} 2. Nf3 {
[%clk 00:07:06]} 2... e6 {[%clk 00:07:07]} 3. c3 {[%clk 00:07:08]} 3... Nc6 {
[%clk 00:07:04]} 4. Bb5 {[%clk 00:07:10]  [%emt 00:00:11]} 4... Nge7 {
[%clk 00:07:00]  [%emt 00:00:04]} 5. O-O {[%clk 00:07:10]} 5... g6 {
[%clk 00:07:02]  [%emt 00:00:07]} 6. d4 {[%clk 00:07:12]} 6... cxd4 {
[%clk 00:07:03]} 7. cxd4 {[%clk 00:07:14]} 7... Bg7 {
[%clk 00:06:54]  [%emt 00:00:10]} 8. d5 {[%clk 00:07:15]  [%emt 00:00:03]} 8...
Ne5 {[%clk 00:06:55]  [%emt 00:00:03]} 9. dxe6 {
[%clk 00:05:49]  [%emt 00:01:27]} 9... fxe6 {[%clk 00:06:56]  [%emt 00:00:03]}
10. Nc3 {[%clk 00:05:29]  [%emt 00:00:19]} 10... O-O {
[%clk 00:06:56]  [%emt 00:01:31]} 11. Nxe5 {[%clk 00:05:24]} 11... Bxe5 {
[%clk 00:06:58]} 12. Be3 {[%clk 00:05:21]} 12... a6 {[%clk 00:06:54]} 13. Ba4 {
[%clk 00:05:22]} 13... b5 {[%clk 00:06:53]} 14. Bb3 {[%clk 00:05:23]} 14... Bb7
{[%clk 00:06:55]} 15. Qg4 {[%clk 00:05:12]} 15... Bg7 {
[%clk 00:06:41]  [%emt 00:00:04]} 16. Rad1 {[%clk 00:05:02]} 16... Qc7 {
[%clk 00:06:34]} 17. Rc1 {[%clk 00:04:28]  [%emt 00:00:34]} 17... Nc6 {
[%clk 00:06:16]  [%emt 00:00:17]} 18. f4 {[%clk 00:03:49]  [%emt 00:00:44]}
18... Kh8 {[%clk 00:05:46]  [%emt 00:00:34]} 19. e5 {
[%clk 00:03:20]  [%emt 00:00:29]} 19... Qd8 {[%clk 00:05:25]  [%emt 00:00:34]}
20. Ne4 {[%clk 00:03:11]  [%emt 00:00:08]} 20... Ne7 {
[%clk 00:04:57]  [%emt 00:00:24]} 21. Nd6 {[%clk 00:03:09]  [%emt 00:00:24]}
21... Bd5 {[%clk 00:04:59]} 22. Rc3 {[%clk 00:02:50]  [%emt 00:00:09]} 22...
Bxb3 {[%clk 00:04:56]  [%emt 00:00:08]} 23. axb3 {
[%clk 00:02:50]  [%emt 00:00:03]} 23... Nf5 {[%clk 00:04:38]  [%emt 00:00:40]}
24. Nxf5 {[%clk 00:02:42]  [%emt 00:00:03]} 24... Rxf5 {[%clk 00:04:39]} 25.
Rfc1 {[%clk 00:02:40]} 25... Rf8 {[%clk 00:04:19]  [%emt 00:00:12]} 26. Bc5 {
[%clk 00:02:38]  [%emt 00:00:11]} 26... Rg8 {[%clk 00:04:12]  [%emt 00:00:08]}
27. Qf3 {[%clk 00:02:36]  [%emt 00:00:08]} 27... Bf8 {
[%clk 00:03:59]  [%emt 00:00:10]} 28. b4 {[%clk 00:02:26]  [%emt 00:00:12]}
28... a5 {[%clk 00:03:34]  [%emt 00:00:31]} 29. bxa5 {
[%clk 00:02:14]  [%emt 00:00:13]} 29... Qxa5 {[%clk 00:03:15]  [%emt 00:00:22]}
30. b4 {[%clk 00:02:09]  [%emt 00:00:51]} 30... Bxc5+ {[%clk 00:03:04]} 31.
bxc5 {[%clk 00:02:07]} 31... b4 {[%clk 00:02:59]  [%emt 00:00:04]} 32. Rb3 {
[%clk 00:02:06]} 32... Rgc8 {[%clk 00:02:57]} 33. h3 {
[%clk 00:01:51]  [%emt 00:00:07]} 33... Rab8 {[%clk 00:02:44]  [%emt 00:00:22]}
34. Rd1 {[%clk 00:01:40]  [%emt 00:00:07]} 34... Qxc5+ {
[%clk 00:02:36]  [%emt 00:00:27]  Ra1  [%emt 00:00:18]} 0-1